000 00697nam a22001577a 4500
003 OSt
005 20150927151000.0
008 150927b xxu||||| |||| 00| 0 eng d
040 _cRUA
082 _aAGR PEK 2011 B050 Or.1
100 _91428
_aPEK, KEOKEA
245 _aThe effectiveness of using natural fertilizer(fti-7)different of rice spciment (ir66)ប្រសិទ្ធភាពនៃការប្រើប្រាស់ជីធម្មជាតិ(អែហ្វ ធី អាយ សេវន)​កំរិតខុសៗគ្នាលើពួជស្រូវអ៊ីអ៊ែ៦៦
260 _aPhnom Penh
_bRUA
_c2011
300 _ax, 51p.
_bill.
_c29cm.
942 _2ddc
_cAGR
999 _c1342
_d1342